An Ultimate Guide to Community Medicine/ (Record no. 51)

MARC details
000 -LEADER
Fixed length control field 00549nam a2200205Ia 4500
003 - CONTROL NUMBER IDENTIFIER
Control field IIN
005 - DATE AND TIME OF LATEST TRANSACTION
Control field 20250521124144.0
008 - FIXED-LENGTH DATA ELEMENTS--GENERAL INFORMATION
Fixed length control field 231217s9999 xx 000 0 und d
020 ## - INTERNATIONAL STANDARD BOOK NUMBER / ISBN
Price Rs.795.00
International Standard Book Number 9789352706914
040 ## - CATALOGING SOURCE
Original cataloging agency IIN
Language of cataloging English
082 ## - DEWEY DECIMAL CLASSIFICATION NUMBER
Classification number 362.10425
Book Number MAI
100 1# - MAIN ENTRY--PERSONAL NAME
Personal name Maiti, Prithwiraj
245 #2 - TITLE STATEMENT
Title An Ultimate Guide to Community Medicine/
Statement of responsibility Prithwiraj Maiti
250 ## - EDITION STATEMENT
Edition statement 3rd ed
260 ## - IMPRINT
Place of publication New Delhi
Name of publisher Jaypee
Date of publication 2019
300 ## - PHYSICAL DESCRIPTION
Page / Vol. No xvii, 633 p.
650 1# - SUBJECT ADDED ENTRY--TOPICAL TERM
Topical term Community Health Nursing
650 1# - SUBJECT ADDED ENTRY--TOPICAL TERM
Topical term Medicine. Community
942 ## - ADDED ENTRY ELEMENTS (KOHA)
Koha item type Books
Holdings
Withdrawn status Lost status Source of classification Damaged status Not for loan Collection code Home library Current library Shelving location Date acquired Price Total Checkouts Call number Accession number Date last seen Price effective from Koha item type
    Dewey Decimal Classification       IDEAL INSTITUTE OF NURSING IDEAL INSTITUTE OF NURSING General Stacks 17/12/2023 795.00   362.10425 MAI 46 17/12/2023 17/12/2023 Books
    Dewey Decimal Classification       IDEAL INSTITUTE OF NURSING IDEAL INSTITUTE OF NURSING General Stacks 17/12/2023 795.00   362.10425 MAI 47 17/12/2023 17/12/2023 Books
© Ideal Institute Of Nursing, All rights reserved.         Powered by Koha